| 000 | 00424nam a22001697a 4500 | ||
|---|---|---|---|
| 005 | 20180630123150.0 | ||
| 008 | 160513b xxu||||| |||| 00| 0 eng d | ||
| 020 | _a81-272-2648-3 | ||
| 041 | _aeng | ||
| 082 |
_b2013 _a658 |
||
| 100 |
_aR.S.Gurla N.S.Bhalla & B.D. Sharma _9569 |
||
| 245 | _aPrinciples of Management | ||
| 260 |
_aNew Delhi _bExcel Books, _c1984 |
||
| 300 | _a327 | ||
| 650 |
_aManagement _9241 |
||
| 942 | _cBK | ||
| 999 |
_c741 _d741 |
||